Countries Closest to Malta - Statistics

General Stats
  • This quiz has been taken 4,771 times
  • The average score is 18 of 20
Answer Stats
km country miles % Correct
81 Italy 50
100%
585 Greece 363
96%
727 France 452
95%
963 Spain 598
95%
340 Libya 211
94%
288 Tunisia 179
94%
502 Algeria 312
93%
1074 Egypt 667
93%
793 Croatia 493
90%
638 Albania 396
88%
882 San Marino 548
88%
665 Vatican City 413
87%
803 Bosnia and Herzegovina 499
86%
778 Montenegro 483
85%
919 Serbia 571
84%
1028 Monaco 639
82%
1041 Slovenia 647
82%
848 Kosovo 527
80%
777 Macedonia 483
73%
949 Bulgaria 590
72%
No matching quizzes found
Score Distribution
Percent of People with Each Score
Percentile by Number Answered
Your Score History
You have not taken this quiz